000 00424nam a2200157Ia 4500
005 20250703155619.0
008 240331s9999 xx 000 0 und d
020 _a9558033022
082 _bBUL
_a891
100 _aBulgachow,M
245 0 _aMastersaha magarita
260 _aKalubowila
_bIllustrated Publishers
_c1998
300 _a443 p .,
500 _aTranslation of master and margarita by Mikhail Bulgakov
942 _cL
999 _c4808
_d4808